Modern operating systems / (Record no. 188101)
[ view plain ]
| 000 -LEADER | |
|---|---|
| fixed length control field | 00697nam a2200229Ia 4500 |
| 005 - DATE AND TIME OF LATEST TRANSACTION | |
| control field | 20230519142244.0 |
| 008 - FIXED-LENGTH DATA ELEMENTS--GENERAL INFORMATION | |
| fixed length control field | 210716s2007 xx 000 0 und d |
| 020 ## - INTERNATIONAL STANDARD BOOK NUMBER | |
| International Standard Book Number | 9788120320635 |
| 040 ## - CATALOGING SOURCE | |
| Transcribing agency | AIMIT LIBRARY |
| 041 ## - LANGUAGE CODE | |
| Language code of text/sound track or separate title | eng |
| 082 ## - DEWEY DECIMAL CLASSIFICATION NUMBER | |
| Classification number | 005.42 |
| Edition number | 2 |
| Item number | TANA |
| 100 ## - MAIN ENTRY--PERSONAL NAME | |
| Personal name | Tanenbaum, Andrew S. |
| 9 (RLIN) | 109723 |
| 245 ## - TITLE STATEMENT | |
| Title | Modern operating systems / |
| Statement of responsibility, etc. | By Andrew S. Tanenbaum. |
| 250 ## - EDITION STATEMENT | |
| Edition statement | 2nd ed. |
| 260 ## - PUBLICATION, DISTRIBUTION, ETC. | |
| Place of publication, distribution, etc. | New Delhi : |
| Name of publisher, distributor, etc. | PHI Learning Pvt Ltd , |
| Date of publication, distribution, etc. | 2007. |
| 300 ## - PHYSICAL DESCRIPTION | |
| Extent | xxiv,951p.; |
| Other physical details | PB |
| Dimensions | 24 cm. |
| 650 ## - SUBJECT ADDED ENTRY--TOPICAL TERM | |
| Topical term or geographic name entry element | Operating System concepts |
| 9 (RLIN) | 109724 |
| 650 ## - SUBJECT ADDED ENTRY--TOPICAL TERM | |
| Topical term or geographic name entry element | Processes and threads |
| 9 (RLIN) | 109725 |
| 650 ## - SUBJECT ADDED ENTRY--TOPICAL TERM | |
| Topical term or geographic name entry element | Deadlocks |
| 9 (RLIN) | 109726 |
| 650 ## - SUBJECT ADDED ENTRY--TOPICAL TERM | |
| Topical term or geographic name entry element | Memory management |
| 9 (RLIN) | 109727 |
| 942 ## - ADDED ENTRY ELEMENTS (KOHA) | |
| Source of classification or shelving scheme | Dewey Decimal Classification |
| Koha item type | Book |
| Call number prefix | 005.42 TANA |
| Withdrawn status | Lost status | Source of classification or shelving scheme | Damaged status | Not for loan | Collection code | Home library | Current library | Source of acquisition | Cost, normal purchase price | Inventory number | Total Checkouts | Full call number | Barcode | Date last seen | Cost, replacement price | Price effective from | Koha item type |
|---|---|---|---|---|---|---|---|---|---|---|---|---|---|---|---|---|---|
| Dewey Decimal Classification | MCA | St Aloysius Institute of Management & Information Technology | St Aloysius Institute of Management & Information Technology | Higginbothams Pvt Ltd | 295.00 | Bill no:7624; Bill dt:2007-08-11 | 005.42 TANA | MCA07609 | 05/23/2026 | 295.00 | 07/16/2021 | Book | |||||
| Dewey Decimal Classification | MCA | St Aloysius Institute of Management & Information Technology | St Aloysius Institute of Management & Information Technology | Higginbothams Pvt Ltd | 295.00 | Bill no:7624; Bill dt:2007-08-11 | 005.42 TANA | MCA07610 | 05/23/2026 | 295.00 | 07/16/2021 | Book | |||||
| Dewey Decimal Classification | MCA | St Aloysius Institute of Management & Information Technology | St Aloysius Institute of Management & Information Technology | Higginbothams Pvt Ltd | 295.00 | Bill no:7624; Bill dt:2007-08-11 | 005.42 TANA | MCA07611 | 05/23/2026 | 295.00 | 07/16/2021 | Book | |||||
| Dewey Decimal Classification | MCA | St Aloysius Institute of Management & Information Technology | St Aloysius Institute of Management & Information Technology | Higginbothams Pvt Ltd | 295.00 | Bill no:7624; Bill dt:2007-08-11 | 005.42 TANA | MCA07612 | 05/23/2026 | 295.00 | 07/16/2021 | Book | |||||
| Dewey Decimal Classification | MCA | St Aloysius Institute of Management & Information Technology | St Aloysius Institute of Management & Information Technology | Higginbothams Pvt Ltd | 295.00 | Bill no:7624; Bill dt:2007-08-11 | 005.42 TANA | MCA07613 | 05/23/2026 | 295.00 | 07/16/2021 | Book | |||||
| Dewey Decimal Classification | MCA | St Aloysius Institute of Management & Information Technology | St Aloysius Institute of Management & Information Technology | Higginbothams Pvt Ltd | 295.00 | Bill no:7624; Bill dt:2007-08-11 | 005.42 TANA | MCA07614 | 05/23/2026 | 295.00 | 07/16/2021 | Book | |||||
| Dewey Decimal Classification | MCA | St Aloysius Institute of Management & Information Technology | St Aloysius Institute of Management & Information Technology | Higginbothams Pvt Ltd | 295.00 | Bill no:7624; Bill dt:2007-08-11 | 005.42 TANA | MCA07615 | 05/23/2026 | 295.00 | 07/16/2021 | Book |